Batman Villians - Statistics

General Stats
  • This quiz has been taken 2,827 times
  • The average score is 14 of 17
Answer Stats
Real Name Villian % Correct
Unknown Joker
97%
Selina Kyle Catwoman
96%
Harvey Dent Two-Face
96%
Oswald Cobblepot Penguin
95%
Edward Nigma Riddler
95%
Harleen Quinzel Harley Quinn
93%
Pamela Isley Poison Ivy
91%
Jonathan Crane Scarecrow
90%
Victor Fries Mr. Freeze
88%
Waylon Jones Killer Croc
74%
Basil Karlo Clayface
71%
Unknown Bane
68%
Jervis Tetch Mad Hatter
67%
Floyd Lawton Deadshot
65%
Roman Sionis Black Mask
64%
Thomas Elliot Hush
64%
Julian Day Calendar Man
50%
No matching quizzes found
Score Distribution
Percent of People with Each Score
Percentile by Number Answered
Your Score History
You have not taken this quiz